000 00724nam a22002417a 4500
005 20250107162802.0
008 250107b ||||| |||| 00| 0 eng d
020 _a9789354244773
040 _cAL
041 _aEnglish
082 _223
_a650.072
_bBOUR
100 _aRoger Bougie
_9192532
245 _aResearch Methods of Business:
_bA Skill-Building Approach
250 _a8.
260 _aNew Delhi
_bWiley India Pvt Ltd
_c2024
300 _axxxiii,114 p.
_bPB
_c26x20 cm.
365 _aCCX2-1707618
_b₹691.00
_c
_d₹691.00
_f17-12-2024
650 _aBusiness
_9192533
650 _aResearch--Methodology
_9192534
700 _aSEKARAN (Uma)
_9192535
700 _aSRIVASTAVA (Mala)
_9192536
942 _2ddc
_cBK
999 _c233549
_d233549